170 años de una larga tradición
Gorde:
| Erakunde egilea: | |
|---|---|
| Formatua: | Liburua |
| Hizkuntza: | gaztelania |
| Argitaratua: |
Valparaíso
SSCC
2007
|
| Gaiak: | |
| Etiketak: |
Etiketa erantsi
Etiketarik gabe, Izan zaitez lehena erregistro honi etiketa jartzen!
|
MARC
| LEADER | 00000cam a2200000 a 4500 | ||
|---|---|---|---|
| 001 | UCI8769 | ||
| 003 | CL-VaPUC | ||
| 008 | 081002e20070000CL |||||||||||||||||spa|d | ||
| 082 | 0 | 4 | |a 371.071983 |b COL |2 21 |
| 110 | 2 | |a Colegio de los Sagrados Corazones Padres Franceses |e author |9 532379 | |
| 245 | 1 | 0 | |a 170 años de una larga tradición |
| 300 | |a 118 p | ||
| 942 | |c BK | ||
| 945 | |d 20081002 00:00:00 |a rbrito | ||
| 260 | |a Valparaíso |b SSCC |c 2007 | ||
| 650 | 0 | |a Educación religiosa |9 308312 | |
| 650 | 0 | |a Historia de la educación |9 257642 | |
| 651 | 0 | |a Viña del Mar |9 327030 | |
| 583 | |a last modification |c 20140409 09:01:36 |k Rodrigo Vera | ||
| 999 | |c 331560 |d 331558 | ||
| 952 | |0 0 |1 0 |2 ddc |4 0 |5 1 |6 371_071983000000000_COL_2007 |7 1 |8 C_LRYV |9 418309 |a FDOBRV |b BIBDER |d 2019-11-22 |i 4485491 |o 371.071983 COL 2007 |p 4485491 |r 2023-01-25 |w 2019-11-22 |y BK_X |k BRV | ||
| 952 | |0 0 |1 0 |4 0 |6 371_071983000000000_COL_2007 |7 0 |8 X |9 418310 |a FDOBUD |b FDOBUD |d 2019-11-22 |i 4919831 |o 371.071983 COL 2007 |p 4919831 |r 2019-11-22 |w 2019-11-22 |y BK_X |k BUD | ||